[Event "1st ch-CHN w Rapid KO"]
[Site "Hefei CHN"]
[Date "2011.07.07"]
[Round "2.1"]
[White "Zhao Xue"]
[Black "Ju Wenjun"]
[Result "1-0"]
[WhiteElo "2470"]
[BlackElo "2515"]

1.d4 Nf6 2.c4 g6 3.Nc3 Bg7 4.e4 d6 5.Nf3 O-O 6.Be2 e5 7.Be3 Na6 8.O-O Ng4
9.Bg5 Qe8 10.dxe5 dxe5 11.Qc1 c6 12.Rd1 f6 13.Bd2 f5 14.h3 Nf6 15.exf5 gxf5
16.Bh6 f4 17.Bxg7 Kxg7 18.Re1 e4 19.Bd3 Nc5 20.Bxe4 Nfxe4 21.Nxe4 Nxe4 22.Qc2 Bf5
23.Nh4 Bg6 24.Nxg6 hxg6 25.Rxe4 Qf7 26.Rae1 Rae8 27.Qc3+ Kh7 28.Qb4 Rxe4
29.Rxe4 Re8 30.Rxe8 Qxe8 31.Qxb7+ Kh6 32.Qxa7 Qe1+ 33.Kh2 f3 34.Qd4 fxg2
35.Qe3+  1-0

[Event "1st ch-CHN Rapid KO"]
[Site "Hefei CHN"]
[Date "2011.07.07"]
[Round "2.3"]
[White "Zhou Jianchao"]
[Black "Ding Liren"]
[Result "1/2-1/2"]
[WhiteElo "2636"]
[BlackElo "2654"]

1.d4 Nf6 2.c4 g6 3.Nc3 Bg7 4.e4 d6 5.Nf3 O-O 6.Be2 e5 7.O-O exd4 8.Nxd4 Re8
9.f3 c6 10.Rf2 d5 11.cxd5 cxd5 12.Bb5 Bd7 13.exd5 Qb6 14.Bxd7 Nbxd7 15.Nde2 Ne5
16.Na4 Qa5 17.Nac3 Qb6 18.Na4 Qa5 19.Nac3 Qb6 20.Na4  1/2-1/2

[Event "10th La Fere Open"]
[Site "La Fere FRA"]
[Date "2011.07.07"]
[Round "7.40"]
[White "Benkirane,Nabil"]
[Black "Paillard,M"]
[Result "1/2-1/2"]
[WhiteElo "1560"]
[BlackElo "1703"]

1.d4 Nf6 2.c4 g6 3.Nf3 Bg7 4.Nc3 O-O 5.e4 d6 6.Be2 e5 7.d5 Na6 8.Bg5 h6 9.Bh4 Bd7
10.h3 c6 11.Rc1 cxd5 12.Bxf6 Bxf6 13.Qxd5 Bc6 14.Qd2 Nc5 15.Qxh6 Nxe4 16.Nxe4 Bxe4
17.h4 Bxf3 18.Bxf3 Qe7 19.Qe3 Kg7 20.Qe4 Rh8 21.g3 Qd7 22.b3 b6 23.Rd1 Rad8
24.Ke2 Be7 25.Qc6 f6 26.Qxd7 Rxd7  1/2-1/2

[Event "9th Mukachevo Rating"]
[Site "Mukachevo UKR"]
[Date "2011.07.07"]
[Round "4"]
[White "Guivan,V"]
[Black "Sychevskyy,Andriy"]
[Result "0-1"]
[WhiteElo "2183"]
[BlackElo "1938"]

1.d4 Nf6 2.c4 g6 3.Nc3 Bg7 4.e4 d6 5.Nf3 O-O 6.Be2 e5 7.dxe5 dxe5 8.Qxd8 Rxd8
9.Bg5 Nbd7 10.Rd1 Rf8 11.Nd5 c6 12.Ne7+ Kh8 13.h4 Re8 14.Nxc8 Raxc8 15.h5 Kg8
16.hxg6 hxg6 17.b4 Nf8 18.c5 Nxe4 19.Bc4 Nc3 20.Rd6 b5 21.Bb3 a5 22.bxa5 Ne4
23.Rd1 Nxc5 24.Be3 Nce6 25.Ng5 Nxg5 26.Bxg5 Ne6 27.Bxe6 Rxe6 28.Rd7 c5 29.Rb7 b4
30.O-O e4 31.Rd1 Bd4 32.Be3 Rd6 33.Bxd4 Rxd4 34.Rc1 Rd2 35.a3 bxa3 36.a6 Rb2
37.Ra1 Rxb7 38.axb7 Rb8 39.Rxa3 Rxb7 40.Ra8+ Kg7 41.Rc8 Rb5 42.Rc6 f5 43.g4 fxg4
44.Kg2 Kh6 45.Re6 Rb4 46.Re5 Rc4 47.Kg3 g5 48.Re6+ Kh5 49.Kg2 Rd4 50.Kf1 c4
51.Ke2 g3 52.fxg3 Kg4 53.Re5 c3 54.Rc5 Rd2+ 55.Ke3 Rd3+ 56.Kxe4 Rxg3 57.Rc8 Kh3
58.Kf5 Kg2 59.Ke4 Kf2 60.Ra8 Ke2 61.Kd4 c2  0-1

[Event "Naantalin Open"]
[Site "Naantali FIN"]
[Date "2011.07.07"]
[Round "5"]
[White "Koskinen,E"]
[Black "Jarnefelt,W"]
[Result "1/2-1/2"]
[WhiteElo "1961"]
[BlackElo "1873"]

1.d4 Nf6 2.c4 g6 3.Nc3 Bg7 4.e4 d6 5.Nf3 O-O 6.Be2 Nbd7 7.O-O e5 8.d5 Nc5
9.Qc2 a5 10.Re1 Bd7 11.b3 Qe8 12.a3 Nh5 13.Bb2 f5 14.Ng5 Nf4 15.Bf1 Qe7 16.Ne6 Nfxe6
17.dxe6 Bxe6 18.f3 Bh6 19.Rad1 Rf7 20.b4 axb4 21.axb4 Na6 22.Ba3 b6 23.Nb5 Bd7
24.c5 bxc5 25.bxc5 Qe8 26.Rb1 Rb8 27.Nxd6 cxd6 28.Bxa6 Ra8 29.Rb6 dxc5 30.Bxc5 Bf8
31.Bxf8 Qxf8 32.Reb1 Kg7 33.Bb7 Rb8 34.Bd5 Rc8 35.Qf2 Re7 36.h4 f4 37.Rb7 Bc6
38.Rxe7+ Qxe7 39.Rc1 Bd7 40.Rxc8 Bxc8  1/2-1/2

[Event "5th Varna Open"]
[Site "Golden Sands BUL"]
[Date "2011.07.08"]
[Round "7"]
[White "Pozharsky,V"]
[Black "Bayramov,E"]
[Result "1/2-1/2"]
[WhiteElo "2399"]
[BlackElo "2055"]

1.d4 Nf6 2.Nf3 g6 3.c4 Bg7 4.Nc3 d6 5.e4 O-O 6.Be2 e5 7.dxe5 dxe5 8.Qxd8 Rxd8
9.Bg5 Re8 10.Nd5 Nxd5 11.cxd5 f5 12.Bc4 Kh8 13.Be3 h6 14.h3 c6 15.Rd1 fxe4
16.Nd2 cxd5 17.Bxd5 Nc6 18.Bf7 Rf8 19.Bxg6 Bf5 20.Bxf5 Rxf5 21.Nxe4 Nd4 22.Rc1 Bf8
23.Bxd4 exd4 24.Rc7 Rb5 25.b3 Ra5 26.Rxb7 Rxa2 27.O-O Rd8 28.Rc1 Bg7 29.g3 Re2
30.Rcc7 Be5 31.Rh7+ Kg8 32.Nc5 d3 33.Rxh6 d2  1/2-1/2

[Event "TCh-TUR 2011"]
[Site "Konya TUR"]
[Date "2011.07.08"]
[Round "12"]
[White "Shimanov,A"]
[Black "Erbis,B"]
[Result "1-0"]
[WhiteElo "2583"]
[BlackElo "1933"]

1.c4 g6 2.d4 Nf6 3.Nc3 Bg7 4.e4 d6 5.Nf3 O-O 6.Be2 e5 7.Be3 Nc6 8.d5 Nb8
9.Bc1 Nc6 10.Be3 Ne7 11.Nd2 Nd7 12.b4 f5 13.f3 Nf6 14.c5 Kh8 15.Nc4 Ne8 16.g4 Ng8
17.h4 Ngf6 18.h5 f4 19.Bf2 gxh5 20.g5 Ng8 21.Rxh5 Qd7 22.Kd2 h6 23.Qh1 Rf7
24.Rg1 c6 25.gxh6 Bf6 26.Qg2 Ne7 27.Qg7+  1-0

[Event "ch-NOR"]
[Site "Oslo NOR"]
[Date "2011.07.08"]
[Round "7"]
[White "Ostenstad,B"]
[Black "Thomassen,J"]
[Result "1-0"]
[WhiteElo "2462"]
[BlackElo "2400"]

1.c4 Nf6 2.Nc3 g6 3.e4 d6 4.d4 Bg7 5.Nf3 O-O 6.Be2 Na6 7.O-O e5 8.Be3 Ng4
9.Bg5 Qe8 10.dxe5 dxe5 11.h3 f6 12.Bc1 Nh6 13.Rb1 Nc5 14.b4 Ne6 15.c5 c6
16.Bc4 Kh8 17.Re1 Qe7 18.Qb3 Nd4 19.Nxd4 exd4 20.Ne2 f5 21.e5 Qxe5 22.Bb2 Qc7
23.Nxd4 Bf6 24.Re2 Qg7 25.Nf3 f4 26.Bxf6 Qxf6 27.Rbe1 Nf5 28.Rd2 Rb8 29.Ne5 b6
30.Qc3 Kg7 31.Qc1 Re8 32.Ng4 Rxe1+ 33.Qxe1  1-0

[Event "ch-Central Serbia Int Open A"]
[Site "Paracin SRB"]
[Date "2011.07.08"]
[Round "1.18"]
[White "Arsovic,Z"]
[Black "Kolbert,E"]
[Result "1-0"]
[WhiteElo "2463"]
[BlackElo "2161"]

1.Nf3 Nf6 2.c4 g6 3.Nc3 Bg7 4.e4 O-O 5.d4 d6 6.Be2 e5 7.Be3 Ng4 8.Bg5 f6
9.Bh4 Qe8 10.O-O Nc6 11.d5 Nb8 12.Nd2 Nh6 13.f3 a5 14.a3 c5 15.dxc6 bxc6
16.c5 dxc5 17.Na4 Nd7 18.Nb3 Qe7 19.Qc2 Nf7 20.Rfd1 g5 21.Bf2 f5 22.Nbxc5 Nf6
23.Nb6 Rb8 24.Nxc8 Rbxc8 25.exf5 Nd5 26.Ne6 Rfe8 27.Ba6 Rb8 28.Qxc6 Nf4 29.Rd7 Qf6
30.Bc4 Rbc8 31.Rc7  1-0

[Event "WCh-IPCA Open A"]
[Site "Piestany SVK"]
[Date "2011.07.08"]
[Round "8"]
[White "Tillmann,Marc"]
[Black "Tersinsev,Andrey"]
[Result "1-0"]
[WhiteElo "1954"]
[BlackElo "1785"]

1.d4 Nf6 2.Nf3 g6 3.c4 Bg7 4.Nc3 d6 5.e4 O-O 6.Be2 e5 7.Be3 Nc6 8.d5 Ne7
9.Nd2 Nd7 10.O-O f5 11.f3 f4 12.Bf2 g5 13.a3 Nf6 14.b4 h5 15.h3 Ng6 16.c5 Ne8
17.Nc4 Bd7 18.b5 Qc8 19.Kh2 dxc5 20.Bxc5 Rf7 21.d6 c6 22.bxc6 Qxc6 23.Bb4 b6
24.Qd5 Nf6 25.Qxc6 Bxc6 26.a4 Rd7 27.Rfd1 Bf8 28.Rac1 Ne8 29.Rd2 Rad8 30.Rcd1 Kh7
31.Nb5 Bxb5 32.axb5 Kg7 33.Bc3 Kf6 34.Rd5 h4 35.Nxe5 Nxe5 36.Bxe5+ Ke6 37.Bc4 Kf7
38.Bb2 Kg6 39.e5 Ng7 40.R5d2 Kh6 41.Bd5 Kg6 42.Bc6 Rf7 43.Re2 Ne6 44.Bd5 Re8
45.d7 Rxd7 46.Be4+  1-0

[Event "XXVI Tadeusza Gniota"]
[Site "Police POL"]
[Date "2011.07.08"]
[Round "4.18"]
[White "Schmidt,Wl"]
[Black "Radwan,L"]
[Result "1-0"]
[WhiteElo "2398"]
[BlackElo "2126"]

1.d4 Nf6 2.c4 g6 3.Nc3 Bg7 4.e4 d6 5.Nf3 O-O 6.Be2 Nbd7 7.O-O e5 8.Re1 h6
9.Qc2 exd4 10.Nxd4 Nc5 11.Be3 Ne6 12.Rad1 Qe7 13.b4 a5 14.a3 axb4 15.axb4 c5
16.Nxe6 Bxe6 17.Bf4 Rfd8 18.Qb3 Ne8 19.bxc5 dxc5 20.e5 Rd4 21.Bg3 Rad8 22.Rb1 R8d7
23.Nd5  1-0

[Event "34th Aegean Open"]
[Site "Aghios Kirykos GRE"]
[Date "2011.07.09"]
[Round "1"]
[White "Ris,R"]
[Black "Teskos,G"]
[Result "1-0"]
[WhiteElo "2395"]
[BlackElo "1697"]

1.d4 Nf6 2.c4 d6 3.Nf3 Nbd7 4.Nc3 g6 5.e4 e5 6.Be2 Bg7 7.O-O O-O 8.Be3 h6
9.h3 Kh7 10.Qc2 Nh5 11.dxe5 dxe5 12.Rfd1 Nf4 13.Bf1 Ne6 14.c5 c6 15.b4 f5
16.exf5 gxf5 17.Rd6 Qe7 18.Rad1 Nc7 19.g4 Nf6 20.gxf5 e4 21.Nh4 Nfd5 22.f6 Bxf6
23.Nxe4 Bxh4 24.Ng5+ Kg8 25.Rg6+ Qg7 26.Rxg7+  1-0

[Event "SPA Open A"]
[Site "Amsterdam NED"]
[Date "2011.07.09"]
[Round "1"]
[White "De Rover,YH"]
[Black "White,K"]
[Result "1-0"]
[WhiteElo "2275"]
[BlackElo "2104"]

1.d4 Nf6 2.c4 g6 3.Nc3 Bg7 4.e4 O-O 5.Nf3 d6 6.Be2 Nbd7 7.O-O e5 8.Re1 c6
9.Bf1 Qc7 10.Rb1 Nb6 11.b3 Bg4 12.Be3 Rac8 13.h3 exd4 14.Bxd4 Bxf3 15.Qxf3 Nfd7
16.Rbd1 Ne5 17.Qg3 Qe7 18.f4 c5 19.Bf2 Nc6 20.Nd5 Qe8 21.e5 Nxd5 22.exd6 Qd7
23.Rxd5 b6 24.f5 Rce8 25.Red1 Nd4 26.fxg6 fxg6 27.Qg4 Qxg4 28.hxg4 Re5 29.R5xd4 cxd4
30.Rxd4 Re1 31.Rd2 Re4 32.d7 Bf6 33.c5 Bd8 34.c6 Bc7 35.Bh4 g5 36.Bxg5 Re1
37.Rf2 Rd1 38.g3 b5 39.Rxf8+ Kxf8 40.Kg2 a6 41.a4 Rd5 42.Be3 Ke7 43.axb5 axb5
44.Kf2 Ke6 45.Bg2 Rd3 46.Be4 Rc3 47.Ke2 Bd8 48.Bf4 h6 49.Bf5+ Kd5 50.c7 Rxc7
51.Bxh6 Rc3 52.Bf4 Rxb3 53.g5 Rb2+ 54.Kf3 Rh2 55.g6 Rh8 56.Kg4 b4 57.Bg5 b3
58.g7 Rg8 59.Bxd8 Rxd8 60.Bh7  1-0

[Event "XXXIV Open"]
[Site "Barbera del Valles ESP"]
[Date "2011.07.09"]
[Round "6"]
[White "Arizmendi Martinez,J"]
[Black "L'Ami,Alina"]
[Result "1/2-1/2"]
[WhiteElo "2555"]
[BlackElo "2312"]

1.Nf3 Nf6 2.c4 g6 3.Nc3 Bg7 4.e4 d6 5.d4 O-O 6.Be2 e5 7.Be3 exd4 8.Nxd4 Re8
9.f3 c6 10.Bf2 d5 11.exd5 cxd5 12.O-O Nc6 13.c5 Nh5 14.Qd2 Be5 15.g3 Ng7
16.Rfd1 Be6 17.Nxe6 Nxe6 18.Qxd5 Bxc3 19.bxc3 Ncd4 20.Bc4 Qxd5 21.Bxd5 Ne2+
22.Kf1 Nxc3 23.Rd3 Nxd5 24.Rxd5 Red8 25.Rxd8+ Rxd8 26.Rb1 Rd7 27.Rb4 Rc7
28.Ra4 a6 29.Ra5 Kf8 30.Ke2 Ke8 31.Kd3 Rd7+ 32.Kc3 Rd1 33.Be3 Kd7 34.Ra4 Rf1
35.f4 Kc6 36.Rb4 Nxc5 37.Bxc5 Kxc5 38.Rxb7 Rf3+ 39.Kb2 Rf2+ 40.Kb3 Rxh2 41.Rxf7 Rh3
42.Ka4 Rxg3 43.Rxh7 Rf3  1/2-1/2

[Event "38th ch-IND w Challengers"]
[Site "Chennai IND"]
[Date "2011.07.09"]
[Round "10"]
[White "Sithalatchumi,A"]
[Black "Supriya,J"]
[Result "0-1"]
[WhiteElo "1939"]
[BlackElo "1829"]

1.d4 Nf6 2.c4 g6 3.Nc3 Bg7 4.e4 d6 5.Nf3 O-O 6.Be2 Na6 7.O-O e5 8.Re1 Bg4
9.dxe5 Bxf3 10.Bxf3 dxe5 11.Bg5 c6 12.Qe2 Qe7 13.Bg4 h6 14.Bxf6 Bxf6 15.Red1 Rfd8
16.a3 h5 17.Bh3 Nc5 18.Qc2 a5 19.b4 axb4 20.axb4 Rxa1 21.Rxa1 Nd3 22.Nd5 cxd5
23.Qxd3 dxe4 24.Qxe4 Rd4 25.Qc2 e4 26.b5 e3 27.fxe3 Qxe3+ 28.Kh1 Rd2 29.Ra8+ Kg7
30.Re8 Rxc2  0-1

[Event "38th ch-IND w Challengers"]
[Site "Chennai IND"]
[Date "2011.07.09"]
[Round "10"]
[White "Bhakti,K"]
[Black "Meera,S"]
[Result "1-0"]
[WhiteElo "2317"]
[BlackElo "2119"]

1.d4 Nf6 2.c4 g6 3.Nc3 Bg7 4.e4 d6 5.Nf3 O-O 6.Be2 e5 7.d5 a5 8.Bg5 Na6 9.Nd2 Qe8
10.a3 Bd7 11.O-O Kh8 12.b3 Ng8 13.Rb1 f5 14.f3 Bh6 15.Bxh6 Nxh6 16.b4 axb4
17.axb4 g5 18.c5 dxc5 19.Bxa6 bxa6 20.bxc5 Bb5 21.Nxb5 axb5 22.Qb3 Rb8 23.c6 g4
24.exf5 g3 25.hxg3 Nxf5 26.Rfe1 Nxg3 27.Qc3 Rf5 28.f4 Qg6 29.Nf3 Rxf4 30.Qxe5+ Rf6
31.Rb4 Rg8 32.Rg4 Qxg4 33.Qxf6+ Qg7 34.Qxg7+ Kxg7 35.Re7+ Kf6 36.Rxc7 Rd8
37.Rg7 Ne2+ 38.Kf2 Nc3 39.c7  1-0

[Event "St Pauli Open"]
[Site "Hamburg GER"]
[Date "2011.07.09"]
[Round "1.9"]
[White "Svane,R"]
[Black "Groeppel,P"]
[Result "1-0"]
[WhiteElo "2346"]
[BlackElo "2051"]

1.d4 Nf6 2.c4 g6 3.Nc3 Bg7 4.e4 d6 5.Nf3 O-O 6.Be2 e5 7.Be3 Ng4 8.Bg5 f6
9.Bh4 Nh6 10.dxe5 dxe5 11.Qxd8 Rxd8 12.Nd5 g5 13.Rd1 Nc6 14.Nxc7 Rxd1+ 15.Bxd1 Rb8
16.Bg3 Nf7 17.O-O h5 18.h4 g4 19.Nd2 Nd4 20.Nb3 Nc6 21.Be2 a5 22.Rd1 a4 23.Nc5 Nd4
24.Bf1 a3 25.bxa3 Bf8 26.Nb3 Nc2 27.a4 Nb4 28.Nd5 Kg7 29.c5 Nc6 30.Bb5 Be6
31.Nc7 Bxb3 32.axb3 Bxc5  1-0

[Event "TCh-TUR 2011"]
[Site "Konya TUR"]
[Date "2011.07.09"]
[Round "13"]
[White "Kocabalkan,T"]
[Black "Zeytinoglu,N"]
[Result "0-1"]
[WhiteElo "1644"]
[BlackElo "1970"]

1.d4 Nf6 2.c4 g6 3.Nc3 Bg7 4.e4 d6 5.Nf3 O-O 6.Be2 e5 7.dxe5 dxe5 8.O-O Nbd7
9.Qc2 c6 10.b4 a5 11.b5 Re8 12.a4 Qc7 13.Rd1 Bf8 14.Bb2 Nh5 15.Qd2 Nc5 16.Qe3 Nb3
17.Nd5 cxd5 18.Qxb3 Nf4 19.Bf1 dxe4 20.b6 Qc5 21.Ba3 Qc6 22.Bxf8 Rxf8 23.Nxe5 Qf6
24.Qb5 Bf5 25.Nd7 Bxd7 26.Qxd7 Qxb6 27.Rab1 Qe6 28.Rxb7 Rfc8 29.g3 Nd3 30.Qxe6 fxe6
31.Bxd3 exd3 32.Rxd3 Rab8 33.Rdd7 Rxb7 34.Rxb7 Rxc4 35.Ra7 Rxa4 36.Kg2 Ra3
37.g4 a4 38.h4 Ra1 39.Kf3 a3 40.Kf4 a2 41.Kg5 Kf8 42.f4 Ke8 43.h5 gxh5  0-1

[Event "TCh-TUR 2011"]
[Site "Konya TUR"]
[Date "2011.07.09"]
[Round "13"]
[White "Mirzoev,A"]
[Black "Agamaliev,G"]
[Result "1/2-1/2"]
[WhiteElo "2481"]
[BlackElo "2523"]

1.c4 Nf6 2.Nc3 g6 3.d4 Bg7 4.Nf3 O-O 5.e4 d6 6.Be2 e5 7.dxe5 dxe5 8.Qxd8 Rxd8
9.Bg5 Re8 10.Nd5 Nxd5 11.cxd5 c6 12.Bc4 cxd5 13.Bxd5 Na6 14.O-O-O Nc7 15.Bb3 Be6
16.Bxe6 Nxe6 17.Be3  1/2-1/2

[Event "10th La Fere Open"]
[Site "La Fere FRA"]
[Date "2011.07.09"]
[Round "9.2"]
[White "Lazarev,V"]
[Black "Llaneza Vega,P"]
[Result "1/2-1/2"]
[WhiteElo "2445"]
[BlackElo "2246"]

1.d4 Nf6 2.c4 g6 3.Nc3 Bg7 4.e4 d6 5.Nf3 O-O 6.Be2 e5 7.Be3 Ng4 8.Bg5 f6
9.Bc1 exd4 10.Nxd4 f5 11.O-O fxe4 12.Bxg4 Bxg4 13.Qxg4 Bxd4 14.Qxe4 Nc6 15.Bh6 Bg7
16.Bxg7 Kxg7 17.Nd5 Qd7 18.f4 Rae8 19.Qd3 Qf5 20.Qxf5 Rxf5 21.Nxc7 Re2 22.b3 Nd4
23.Rad1 Ra5 24.Rxd4 Raxa2 25.Rfd1 Rxg2+ 26.Kh1 Raf2  1/2-1/2

[Event "10th La Fere Open"]
[Site "La Fere FRA"]
[Date "2011.07.09"]
[Round "9.12"]
[White "Molet,A"]
[Black "Feryn,B"]
[Result "0-1"]
[WhiteElo "1859"]
[BlackElo "2032"]

1.d4 Nf6 2.Nf3 g6 3.c4 Bg7 4.Nc3 O-O 5.e4 d6 6.Be2 e5 7.dxe5 dxe5 8.Qxd8 Rxd8
9.Bg5 Nbd7 10.O-O-O Rf8 11.Ne1 Nc5 12.f3 Ne6 13.Be3 c6 14.Nc2 b6 15.Kb1 Bb7
16.Rd2 Rad8 17.Rhd1 Rxd2 18.Rxd2 Rd8 19.Rxd8+ Nxd8 20.c5 b5 21.b4 Ne6 22.Bf1 Kf8
23.Ne2 Ng8 24.Na1 Bh6 25.Bxh6+ Nxh6 26.Nb3 Bc8 27.h4 Ng8 28.g3 Ne7 29.Ng1 f5
30.Bh3 Ng7 31.g4 Ne6 32.Ne2 fxe4 33.fxe4 Nf4 34.Nxf4 exf4 35.Bg2 Bxg4 36.Nd4 Kf7
37.e5 f3 38.Bxf3 Bxf3 39.Nxf3 Ke6 40.Kc2 Kf5 41.Kd3 Kf4 42.Ke2 h6 43.e6 g5
44.hxg5 hxg5 45.Kf2 Kf5 46.Kg3 Kxe6 47.Nxg5+ Kd5 48.a3 Kc4 49.Kf4 Kb3 50.Ke5 Kxa3
51.Kd6 Kxb4 52.Ne6 a5 53.Kxe7 a4 54.Kd6 a3 55.Nd4 a2 56.Kxc6 Kc3 57.Nxb5+ Kd3
58.Kb6 a1=Q 59.c6 Qf6 60.Kb7 Qe7+ 61.c7 Kc4 62.Na7 Kc5 63.Kb8 Qe5 64.Kb7 Qd5+
65.Kb8 Qd6 66.Kb7 Qb6+ 67.Kc8 Kd6 68.Nb5+ Qxb5 69.Kd8 Qd7+  0-1

[Event "10th La Fere Open"]
[Site "La Fere FRA"]
[Date "2011.07.09"]
[Round "9.38"]
[White "Herman,Jose"]
[Black "Touret,A"]
[Result "1-0"]
[WhiteElo "1609"]
[BlackElo "1843"]

1.d4 Nf6 2.c4 g6 3.Nc3 Bg7 4.e4 d6 5.Nf3 O-O 6.Be2 e5 7.Bg5 Nc6 8.O-O Bg4
9.Nd2 Bxe2 10.Nxe2 h6 11.Bxf6 Bxf6 12.d5 Ne7 13.Rb1 Bg7 14.Ng3 f5 15.Qc2 f4
16.Ne2 g5 17.f3 h5 18.b4 Kh7 19.c5 Rc8 20.a4 Qe8 21.b5 Qg6 22.Rbc1 Rg8 23.c6 b6
24.Nc3 Bh6 25.Rf2 g4 26.Re2 Qf6 27.Qd1 Bg5 28.Kh1 Ng6 29.Qf1 Rg7 30.Rc2 Rcg8
31.Na2 Bh4 32.Nb4 Bg3 33.Qg1 Nh4 34.Rc3 gxf3 35.Nxf3 Nxf3 36.Rxf3 Qh4 37.Nd3 Qe7
38.Ne1 Rg6 39.Rc2 Bh4 40.Rh3 Kh6 41.Nf3 Bf6 42.Qe1 Rg4 43.Qf1 Qg7 44.Qf2 Qh7
45.Re2 Qg6 46.Qf1 Qh7 47.Qe1 Qe7 48.Qf1 R8g6 49.Qe1 h4 50.Qf1 Kh5 51.Qe1 Qg7
52.Qf1 Rh6 53.Qe1 Kg6 54.Qd1 Kf7 55.Qe1 Rhg6 56.Qf1 Ke8 57.Qg1 Rg3 58.hxg3 hxg3
59.Qf1 Rh6 60.Ng1  1-0

[Event "Myrhorod Open A"]
[Site "Myrhorod UKR"]
[Date "2011.07.09"]
[Round "2.12"]
[White "Tytynnik,A"]
[Black "Naboka,S"]
[Result "1-0"]
[WhiteElo "2234"]
[BlackElo "2140"]

1.d4 Nf6 2.Nf3 g6 3.c4 Bg7 4.Nc3 O-O 5.e4 d6 6.Be2 e5 7.Be3 Ng4 8.Bg5 f6
9.Bh4 g5 10.Bg3 Nh6 11.Qd2 g4 12.Ng1 Nc6 13.d5 Nd4 14.h3 gxh3 15.Nxh3 f5
16.f3 fxe4 17.Nxe4 Nhf5 18.Bf2 c6 19.Nhg5 h6 20.Nh3 cxd5 21.cxd5 Bd7 22.Rc1 Nxe2
23.Kxe2 Bb5+ 24.Ke1 Qd7 25.Ng1 Rac8 26.Ne2 Rxc1+ 27.Nxc1 Nd4 28.Nb3 Nxb3
29.axb3 Ba6 30.Be3 Qb5 31.Nxd6 Qd3 32.Qxd3 Bxd3 33.Nxb7 Rb8 34.Nc5 Bc2 35.Bxh6 Rb5
36.Bxg7 Rxc5 37.Bxe5 Rxd5 38.Rh8+ Kf7 39.Bc3 a6 40.Rh6 Bd3 41.g4 Bb5 42.Kf2 Rd3
43.g5 Rd8 44.g6+ Ke7 45.f4 Bd3 46.Ke3 Bc2 47.g7 Kf7 48.Rxa6 Bxb3 49.f5 Bd5
50.Rf6+ Kg8 51.Rh6 Kf7 52.Rh8 Re8+ 53.Kf4 Bb3 54.Kg5 Rg8 55.Kh6 Bc2 56.Rxg8 Kxg8
57.Kg6 Bb3 58.Kf6 Bc4 59.Ke7 Bd5 60.b4 Bc4 61.f6 Bd5 62.b5 Bc4 63.b6  1-0

[Event "86th ch-Paris IdF"]
[Site "Paris FRA"]
[Date "2011.07.09"]
[Round "8.8"]
[White "Shchekachev,A"]
[Black "Guilleux,F"]
[Result "1/2-1/2"]
[WhiteElo "2537"]
[BlackElo "2388"]

1.Nf3 Nf6 2.c4 g6 3.Nc3 Bg7 4.e4 d6 5.d4 O-O 6.Be2 e5 7.O-O Nbd7 8.Be3 Re8
9.Qc2 Ng4 10.Bg5 Bf6 11.Bxf6 Ngxf6 12.Rad1 c6 13.Rfe1 Qe7 14.Bf1 Nf8 15.h3 h6
16.Qd2 Kg7 17.b4 N6h7 18.d5 Rd8 19.dxc6 bxc6 20.c5 Bxh3 21.gxh3 dxc5 22.Qe3 cxb4
23.Na4 Ng5 24.Nxg5 hxg5 25.Nc5 a5 26.Bc4 Rd4 27.Rxd4 Qxc5 28.Rd2 Qxc4 29.Qxg5 Qc5
30.Qe3 Ne6 31.Qxc5 Nxc5 32.Kf1 Ne6 33.Rc1 c5 34.Rd7 Rh8 35.Rcd1 Rxh3 36.R1d6 Nf4
37.Kg1 Ne2+ 38.Kg2 Nf4+ 39.Kg1 Ra3 40.Rc6 Rxa2 41.Rxc5 b3 42.Rb7 Nh3+ 43.Kf1 a4
44.Rxe5 Rxf2+ 45.Ke1 Rc2 46.Reb5 Nf2 47.e5 Nd3+ 48.Kd1 Nb2+ 49.Ke1 Nd3+ 50.Kd1 Rc6
51.Kd2 Nc5 52.Ra7 g5 53.e6 Rd6+ 54.Kc1 Nxe6 55.Rxa4 Kg6 56.Rab4 f5 57.Rb6 Rxb6
58.Rxb6 Kf6 59.Kd2 Ke5 60.Rxb3 f4 61.Rb4 g4 62.Ke2 Kf5 63.Kf2 Ke5  1/2-1/2

[Event "XXVI Tadeusza Gniota"]
[Site "Police POL"]
[Date "2011.07.09"]
[Round "6.18"]
[White "Oleniak,W"]
[Black "Makukins,Maksims"]
[Result "1-0"]
[WhiteElo "1859"]
[BlackElo "1638"]

1.d4 Nf6 2.c4 g6 3.Nc3 Bg7 4.e4 d6 5.Nf3 Nbd7 6.Be2 O-O 7.O-O e5 8.dxe5 dxe5
9.Qc2 Nh5 10.Bg5 f6 11.Bh4 Nf4 12.Rad1 Qe7 13.Nd5 Nxd5 14.cxd5 Nb6 15.Rc1 Rf7
16.Nd2 Qd6 17.f3 Rb8 18.Bf2 Bh6 19.Rfd1 f5 20.Bc5 Qd8 21.Rb1 Bd7 22.b3 Nc8
23.Nc4 b6 24.Ba3 Bf8 25.Bxf8 Rxf8 26.Nxe5 Nd6 27.Nxd7 Qxd7 28.e5 Nf7 29.e6 Qd6
30.exf7+ Rxf7 31.Qc6 Qxc6 32.dxc6 Re8 33.Bc4 Kf8 34.Bxf7 Kxf7 35.Rd7+ Kf8
36.Rxh7 Kg8 37.Rxc7 Re6 38.Rd1 Re8 39.Rcd7 Kf8 40.c7 Rc8 41.Rd8+ Rxd8 42.cxd8=Q+  1-0

[Event "Myrhorod Open A"]
[Site "Myrhorod UKR"]
[Date "2011.07.10"]
[Round "3.7"]
[White "Grinev,V"]
[Black "Tantsiura,M"]
[Result "1-0"]
[WhiteElo "2379"]
[BlackElo "2138"]

1.d4 g6 2.c4 Nf6 3.Nc3 Bg7 4.e4 d6 5.Nf3 O-O 6.Be2 e5 7.O-O Na6 8.Be3 Ng4
9.Bg5 f6 10.Bc1 c6 11.h3 Nh6 12.Be3 Nf7 13.Re1 Re8 14.Bf1 exd4 15.Nxd4 Nc5
16.Qc2 a5 17.Rad1 Qc7 18.b3 Bd7 19.f4 Re7 20.Bf2 Rae8 21.Qb1 Nh6 22.Nf3 b6
23.Qc2 f5 24.e5 dxe5 25.Nxe5 Bc8 26.a3 Nd7 27.Nxd7 Rxe1 28.Bxe1 Bxd7 29.Bf2 Bc8
30.g3 Nf7 31.Na4 g5 32.Bxb6 Qb8 33.Qd2 gxf4 34.gxf4 Bh6 35.Qg2+  1-0

[Event "9th Niki Open"]
[Site "Nachod CZE"]
[Date "2011.07.10"]
[Round "9.11"]
[White "Hylkema,R"]
[Black "Mareckova,M"]
[Result "0-1"]
[WhiteElo "2039"]
[BlackElo "2154"]

1.d4 Nf6 2.c4 g6 3.Nc3 Bg7 4.e4 d6 5.Nf3 O-O 6.Be2 e5 7.Be3 Nc6 8.d5 Ne7
9.Nd2 Nd7 10.b4 f5 11.f3 Nf6 12.c5 Nh5 13.Nc4 Nf4 14.Bf1 fxe4 15.fxe4 a6
16.cxd6 cxd6 17.Bb6 Qd7 18.h3 Nh5 19.Qd3 Nf4 20.Qd2 Rf6 21.Rc1 Kh8 22.a4 Ng8
23.a5 Nh5 24.Be3 Ng3 25.Rg1 Qf7 26.Bd3 h6 27.Nb6 Rb8 28.Nd1 Qe8 29.Nf2 Rf7
30.b5 axb5 31.Qb4 Qd8 32.Bxb5 Nf6 33.Bd3 Nfh5 34.Qc3 Bd7 35.Nc4 Be8 36.Ng4 Nf4
37.Nh2 Ngh5 38.Nf3 Nxh3 39.Rh1 N3f4 40.Kf2 Qf6 41.Bf1 Bd7 42.Ncd2 Rbf8 43.Kg1 Ng3
44.Rh2 Nge2+  0-1

[Event "Oberwart Open"]
[Site "Oberwart AUT"]
[Date "2011.07.10"]
[Round "2.28"]
[White "Danner,G"]
[Black "Novkovic,J"]
[Result "1-0"]
[WhiteElo "2401"]
[BlackElo "2066"]

1.d4 Nf6 2.Nf3 g6 3.c4 Bg7 4.Nc3 O-O 5.e4 d6 6.Be2 e5 7.d5 a5 8.O-O Na6 9.Ne1 Nc5
10.f3 Nh5 11.g3 f5 12.exf5 gxf5 13.f4 Nf6 14.fxe5 dxe5 15.Be3 Nce4 16.Nxe4 Nxe4
17.Bd3 Nd6 18.c5 Ne8 19.Bc4 f4 20.gxf4 Bh3 21.Rf2 exf4 22.Bd4 Qg5+ 23.Kh1 f3
24.d6+ Kh8 25.Rxf3 Bf5 26.Ng2 cxd6 27.cxd6 Rd8 28.Bxg7+ Qxg7 29.Qb3 Nxd6
30.Bd5 Bg6 31.Raf1 Rxf3 32.Qxf3 Rd7 33.Nf4 Bf5 34.Rg1 Bg6 35.Qh3 Bf5 36.Rxg7 Kxg7
37.Qc3+ Kf8 38.Qf6+ Nf7  1-0

[Event "66th OCF Oklahoma Open"]
[Site "Oklahoma City USA"]
[Date "2011.07.10"]
[Round "4.10"]
[White "Carlson,Martin"]
[Black "Webb,Mike K"]
[Result "0-1"]
[WhiteElo "1876"]
[BlackElo "1966"]

1.d4 g6 2.c4 Bg7 3.Nf3 Nf6 4.Nc3 O-O 5.e4 d6 6.Be2 Nbd7 7.O-O e5 8.Bg5 h6
9.Be3 Ng4 10.Bc1 Re8 11.d5 f5 12.Nd2 Ngf6 13.f3 f4 14.b4 a5 15.Ba3 axb4 16.Bxb4 b6
17.Nb3 Nc5 18.Nb5 Kh7 19.Qd2 Rg8 20.Nxc5 dxc5 21.Bc3 Ne8 22.Qb2 Qe7 23.Rfd1 Nd6
24.a4 Nxb5 25.axb5 Rxa1 26.Rxa1 g5 27.Ra7 Bf6 28.Ra8 h5 29.h3 Qg7 30.Bd1 g4
31.hxg4 hxg4 32.fxg4 Bxg4 33.Rxg8 Kxg8 34.Bxg4 Qxg4 35.Bxe5 Qd1+ 36.Kf2 Bh4+
37.g3 Bxg3+ 38.Kg2 Qg4 39.Kg1 f3 40.Bxg3 Qxg3+ 41.Kf1 Qh3+ 42.Kg1 Qg4+ 43.Kf1 Qxe4
44.Qa2 Kf7 45.Kg1 Qe1+ 46.Kh2 f2  0-1

[Event "ch-NOR"]
[Site "Oslo NOR"]
[Date "2011.07.10"]
[Round "9"]
[White "Ostenstad,B"]
[Black "Urkedal,F"]
[Result "1/2-1/2"]
[WhiteElo "2462"]
[BlackElo "2448"]

1.d4 Nf6 2.c4 g6 3.Nc3 Bg7 4.e4 d6 5.Nf3 O-O 6.Be2 e5 7.d5 Nbd7 8.Bg5 h6
9.Bh4 g5 10.Bg3 Nh5 11.O-O Nf4 12.Ne1 Nc5 13.f3 a5 14.Bf2 b6 15.Nc2 f5 16.Bxc5 bxc5
17.Ne3 Rb8 18.Nb5 Nxe2+ 19.Qxe2 f4 20.Nf5 Bxf5 21.exf5 Qd7 22.Rad1 Qxf5 23.Nxc7 e4
24.fxe4 Qf7 25.Ne6 Rxb2 26.Qg4 Rfb8 27.h4 Rxa2 28.Rb1 Rxb1 29.Rxb1 Rb2 30.Rxb2 Bxb2
31.hxg5 h5 32.Qd1 Be5 33.Qa4 Kh7 34.Qxa5 f3 35.Qd8 fxg2 36.Kxg2 h4 37.Qd7 h3+
38.Kh1 Kg6 39.Qxf7+ Kxf7 40.Nd8+ Kg6 41.Ne6 Kh5  1/2-1/2

[Event "86th ch-Paris IdF"]
[Site "Paris FRA"]
[Date "2011.07.10"]
[Round "9.13"]
[White "Kambrath,Y"]
[Black "Kashlinskaya,A"]
[Result "0-1"]
[WhiteElo "2132"]
[BlackElo "2360"]

1.d4 Nf6 2.c4 g6 3.Nc3 Bg7 4.e4 d6 5.Nf3 O-O 6.Be2 Nbd7 7.O-O e5 8.Re1 Re8
9.Bf1 a6 10.d5 a5 11.h3 Nc5 12.Rb1 Nh5 13.g3 f5 14.Nd2 Nf6 15.Qc2 Rf8 16.Ra1 h5
17.h4 c6 18.b3 Ng4 19.Ba3 Nxe4 20.Ndxe4 fxe4 21.Nxe4 Bf5 22.f3 cxd5 23.fxg4 Bxe4
24.Bd3 Bf3 25.cxd5 Qb6+ 26.Qf2 Qxf2+ 27.Kxf2 e4 28.Bxd6 Bd4+ 29.Kf1 exd3
30.Bxf8 Rxf8  0-1